Know Your English, Vol.4: Vocabulary and Pronunciation (Record no. 12338)

MARC details
000 -LEADER
fixed length control field 00427nam a22001697a 4500
003 - CONTROL NUMBER IDENTIFIER
control field OSt
008 - FIXED-LENGTH DATA ELEMENTS--GENERAL INFORMATION
fixed length control field 240329b |||||||| |||| 00| 0 eng d
020 ## - INTERNATIONAL STANDARD BOOK NUMBER
International Standard Book Number 9788173717321
082 ## - DEWEY DECIMAL CLASSIFICATION NUMBER
Classification number 425 UPK
100 ## - MAIN ENTRY--PERSONAL NAME
Personal name UPENDRAN, S
245 ## - TITLE STATEMENT
Title Know Your English, Vol.4: Vocabulary and Pronunciation
250 ## - EDITION STATEMENT
Edition statement Ist. ed.
260 ## - PUBLICATION, DISTRIBUTION, ETC. (IMPRINT)
Place of publication, distribution, etc Telangana
Name of publisher, distributor, etc Universities Press
Date of publication, distribution, etc 2018
300 ## - PHYSICAL DESCRIPTION
Extent 474 p.
650 ## - SUBJECT ADDED ENTRY--TOPICAL TERM
Topical term or geographic name as entry element English
942 ## - ADDED ENTRY ELEMENTS (KOHA)
Source of classification or shelving scheme Dewey Decimal Classification
Koha item type Text Books
Holdings
Withdrawn status Lost status Source of classification or shelving scheme Damaged status Not for loan Collection code Home library Current library Date acquired Source of acquisition Currency Cost, normal purchase price Bill Number Total Checkouts Full call number Acc. no. / Barcode Date last seen Actual Cost, discounted price Bill Date Koha item type Date last borrowed
    Dewey Decimal Classification     B.A Hons. English PIET NCR College Library PIET NCR College Library 23/03/2024 Zafaa Books & Distributors In Rupees 835.00 ZBD0458   425 UPK N3541 29/03/2024 584.50 23/03/2024 Reference Books  
    Dewey Decimal Classification     B.A Hons. English PIET NCR College Library PIET NCR College Library 23/03/2024 Zafaa Books & Distributors In Rupees 835.00 ZBD0458 2 425 UPK N3542 17/04/2025 584.50 23/03/2024 Text Books 14/04/2025

Design & Developed by: PIET Central Library
R70 Miles Stone Pattikalyana Samalkha Panipat 132102
mail ID :- [email protected], Phone No:- 0180-2569700 Ex.216